LEADER 00782nam a2200205 i 4500 001 000000026976 003 CaOOAMICUS 005 20180830125447.0 008 180830s1834 it u000 u ita u 040 $aSeMil$bita 100 1 $aBertolotti, Davide,$d<1784-1860>.$0(OLS)http://semarc/name/11294 245 10$aViaggio nella Liguria marittima /$cdi Davide Bertolotti. 260 $aTorino :$bEredi Eredi Botta,$c1834. 300 $a3 v. ;$c23 cm. 650 4$aLiguria - Descrizioni e viaggi.$0(OLS)http://semarc/subject/4320 774 0 $tTomo 1.$g1$w()214175 774 0 $tTomo 2.$g2$w()214176 774 0 $tTomo 3.$g3$w()214177 996 $6245$aViaggio nella Liguria marittima$9(OLS)http://semarc/title/36465 996 $6260$aTorino :$bEredi Eredi Botta$9(OLS)http://semarc/publisher/37056 LEADER 01323nam a2200253 i 4500 001 000000060452 003 CaOOAMICUS 005 20230525121348.0 008 130829s1830 fr u000 u fre u 026 $ausn- i-t, i-la l'so (3) 1830 (A) 040 $aSeMil$bita 100 1 $aBonald, Louis : de,$d<1754-1840>.$0(OLS)http://semarc/name/2864 245 10$aDémonstration philosophique du principe constitutif de la société, suivie de Méditations politiques tirées de l'Évangile; par M. le vicomte de Bonald, .. 260 $aParis :$bLibrarie d'Ad. Le Clere et C.,$c1830. 300 $aviij, 348, [2] p. ;$c8°. 650 4$aFilosofia della religione.$0(OLS)http://semarc/subject/504 773 0 $aBonald, Louis : de <1754-1840>$tOeuvres de M. de Bonald.$dParis : Librairie d'Adrien Le Clere et C., 1830.$g12$w()4749 850 $aSeMil 852 $aSeMil$W1$xVenegono$y1$m2K III 64 FA$j26605$B26605$CSeMilBibl$Z2$F26608 $8I 941 1 $a10 961 $aRecupero: Mantegazza 996 $6245$aDémonstration philosophique du principe constitutif de la société, suivie de Méditations politiques tirées de l'Évangile; par M. le vicomte de Bonald, ..$9(OLS)http://semarc/title/94745 996 $6260$aParis :$bLibrarie d'Ad. Le Clere et C.$9(OLS)http://semarc/publisher/42190